المعرفي و الأيديولوجي في الفكر العربي المعاصر : بحوث و مناقشات الندوة الفكرية التي نظمها مركز دراسات الوحدة العربية / (رقم التسجيلة. 127324)

تفاصيل مارك
000 -LEADER
fixed length control field 00822nam a22002057a 4500
005 - DATE AND TIME OF LATEST TRANSACTION
control field 20251108175140.0
008 - FIXED-LENGTH DATA ELEMENTS--GENERAL INFORMATION
fixed length control field 250721s2010 xx 000 0 ara d
082 14 - DEWEY DECIMAL CLASSIFICATION NUMBER
Classification number م/306.42/مرك
100 1# - MAIN ENTRY--PERSONAL NAME
Personal name حنفي، حسن
245 10 - TITLE STATEMENT
Title المعرفي و الأيديولوجي في الفكر العربي المعاصر : بحوث و مناقشات الندوة الفكرية التي نظمها مركز دراسات الوحدة العربية /
264 1# - PRODUCTION, PUBLICATION, DISTRIBUTION, MANUFACTURE, AND COPYRIGHT NOTICE
Place of production, publication, distribution, manufacture بيروت :
Name of producer, publisher, distributor, manufacturer مركز الدراسات الوحدة العربية،
Date of production, publication, distribution, manufacture, or copyright notice 2010.
300 ## - PHYSICAL DESCRIPTION
Extent 527ص.
650 17 - SUBJECT ADDED ENTRY--TOPICAL TERM
Topical term or geographic name as entry element الايديولوجيا
650 17 - SUBJECT ADDED ENTRY--TOPICAL TERM
Topical term or geographic name as entry element علم اجتماع المعرفة
650 17 - SUBJECT ADDED ENTRY--TOPICAL TERM
Topical term or geographic name as entry element الفكر العربي
650 17 - SUBJECT ADDED ENTRY--TOPICAL TERM
Topical term or geographic name as entry element التراث العربي
700 1# - ADDED ENTRY--PERSONAL NAME
Personal name لبيب، عبد العزيز
942 ## - ADDED ENTRY ELEMENTS (KOHA)
Source of classification or shelving scheme Dewey Decimal Classification
Koha item type مراجع
المقتنيات
حالة السحب حالة الفقدان مصدر التصنيف حالة التلف غير قابل للإعارة المكتبة الرئيسية المكتبة الحالية موقع الرف تاريخ التزويد الرقم المتسلسل Total Checkouts رقم الإستدعاء الباركود تاريخ آخر ظهور تاريخ الفاتورة نوع المادة (كوها)
    Dewey Decimal Classification   Not For Loan المكتبة المركزية المكتبة المركزية مراجع 28/07/2025 1551262   م/306.42/مرك PLD00270611 28/07/2025 28/07/2025 مراجع
Implemented & Customized by: BBB with SCIT (Smart Chains for Information Technology)

Powered by Koha